000 00236nam a22000857a 4500
008 161215b xxu||||| |||| 00| 0 eng d
100 _92076
_aSharma. R
245 _aFrank Environmental education - 8
260 _aNew Delhi
_bFrank Brothers
_c2006
999 _c4954
_d4954